[Event "K41 Foraars EMT Gruppe A 2010"]
[Site "Valby"]
[Date "2010.05.04"]
[Round "7"]
[White "Porte, Henrik"]
[Black "Nielsen, Michael"]
[Result "1-0"]
[WhiteElo "2088"]
[BlackElo "2054"]
[PlyCount "129"]
[EventDate "2010.??.??"]

1. d4 e6 2. c4 f5 3. Nc3 Nf6 4. Bg5 Be7 5. Nf3 O-O 6. e3 c6 7. Be2 d5 8. O-O
Nbd7 9. Rb1 Ne4 10. Bxe7 Qxe7 11. Qc2 Ndf6 12. Ne5 Bd7 13. b4 Be8 14. Nxe4 Nxe4
15. b5 Nd6 16. bxc6 Bxc6 17. c5 Nf7 18. Nxc6 bxc6 19. Rb4 e5 20. Rfb1 exd4 21.
exd4 Qf6 22. Qd2 Nd8 23. Ba6 h6 24. Re1 Kh7 25. Qe3 Kg6 26. Qg3+ Qg5 27. Qxg5+
Kxg5 28. Re7 Kf6 29. Rd7 Re8 30. Kf1 Re4 31. Rd6+ Kg5 32. g3 Re6 33. Rxe6 Nxe6
34. a3 Nd8 35. Ke2 f4 36. Kf3 fxg3 37. hxg3 Ne6 38. Kg2 Nd8 39. f4+ Kg4 40.
Be2+ Kf5 41. Kf3 h5 42. Bf1 a5 43. Rb6 Kf6 44. Bb5 Rc8 45. Ba4 g5 46. fxg5+
Kxg5 47. Ra6 Rc7 48. Rxa5 Ne6 49. Ke3 Ng7 50. Ra6 Nf5+ 51. Kd3 Re7 52. Bxc6 Re6
53. Bb7 Re3+ 54. Kd2 Rxg3 55. c6 Rg2+ 56. Kc3 Nd6 57. Rb6 Nc4 58. Rb5 Rc2+ 59.
Kxc2 Nxa3+ 60. Kb3 Nxb5 61. Kb4 Nc7 62. Kc5 Kf4 63. Kd6 Nb5+ 64. Kxd5 h4 65.
Bc8 1-0